000
00219nam a22000857a 4500
008
161117b xxu||||| |||| 00| 0 eng d
100
_9
1276
_a
Kundu. A
245
_a
Animal world
260
_a
New delhi
_b
National book trust
_c
2006
999
_c
3980
_d
3980